Littérature par lettre - N - Statistiques

Statistiques générales
  • Ce quiz a été pris 177 fois
  • Le résultat moyen est 9 sur 15
Statistiques - réponses
Questions Joueurs % Correct
Quelle oeuvre de Victor Hugo porte le nom d'une cathédrale située sur l'Île de la Cité ? Notre-Dame de Paris
93%
A quel personnage grec correspond cette citation : " Ayant voulu saisir son beau reflet qui flottait sur l'eau… il fut entraîné au fond des flots et disparut" ? Narcisse
88%
Quel manga dessiné par Masashi Kishimoto porte le nom du personnage principal, un ninja de Konoha ? Naruto
88%
Quelle romancière belge contemporaine publie un ouvrage par an, dont le premier est "Hygiène de l'assassin" ? Amélie Nothomb
72%
Quel roman de la série des "Rougon-Macquart" relate l'histoire d'une jeune femme séduisant les hommes les plus puissants de Paris ? Nana
72%
Quel architecte égyptien de la série "Astérix" doit construire un palais pour César, sous la demande de Cléopâtre ? Numérobis
72%
Quel apothicaire et auteur français du XVIème siècle est surtout connu pour son ouvrage "Les Prophéties", dans lequel il prédit nombre de choses ? Nostradamus
66%
Quel livre est l'ensemble des écrits relatifs à la vie de Jésus ? Nouveau Testament
58%
Quel écrivain et philosophe allemand a écrit le "Gai Savoir" ? Friedrich Nietzsche
54%
Quel Prix Nobel de littérature en 1971 est considéré comme le plus grand auteur de la poésie chilienne ? Pablo Neruda
48%
Quel écrivain et essayiste a formé un duo avec Eric Zemmour dans "On n'est pas couché" ? Eric Naulleau
47%
Quel roman paru en 2012, écrit par John Green suit l'histoire de Hazel Grace Lancaster, une jeune fille de 16 ans atteinte du cancer de la thyroïde ? Nos Etoiles Contraires
42%
Quel poète romantique a notamment écrit "Une allée du Luxembourg", en 1832, où le lecteur suit une jeune fille à Paris ? Gérard de Nerval
38%
Quelle romancière et poétesse française moderniste a écrit "Le Coeur innombrable" et "L'Ombre des jours" ? Anna de Noailles
9%
Quel livre de Harlan Coben relate l'histoire de David Beck, un pédiatre, confronté à l'assassinat de sa femme par un tueur en série ? Ne le dis à Personne
9%
Aucun quiz correspondant
Distribution des résultats
% des personnes avec chaque résultat
Percentile par nombre de réponses
Votre historique - résultats
Vous n’avez pas pris ce quiz